All Bug type Pokémon - Statistics

General Stats
  • This quiz has been taken 234 times
    165 since last reset
  • The average score is 79 of 92
Answer Stats
Type Generation Pokémon % Correct
Bug-Poison 1 Beedrill
100%
Bug-Flying 1 Butterfree
100%
1 Caterpie
100%
Bug-Poison 1 Kakuna
100%
1 Metapod
100%
Bug-Poison 1 Weedle
100%
Bug-Flying 1 Scyther
98%
Bug-Poison 1 Venomoth
98%
Bug-Poison 1 Venonat
98%
Bug-Steel 2 Scizor
97%
Bug-Flying 3 Beautifly
96%
3 Cascoon
96%
Bug-Poison 3 Dustox
96%
3 Silcoon
96%
Bug-Water 3 Surskit
96%
3 Wurmple
96%
Bug-Poison 2 Ariados
95%
Bug-Various 4 Burmy
95%
Bug-Ground 3 Nincada
95%
Bug-Flying 3 Ninjask
95%
Bug-Grass 1 Paras
95%
Bug-Grass 1 Parasect
95%
1 Pinsir
95%
Bug-Ghost 3 Shedinja
95%
Bug-Poison 2 Spinarak
95%
Bug-Flying 2 Ledian
94%
Bug-Flying 2 Ledyba
94%
Bug-Flying 3 Masquerain
94%
Bug-Fighting 2 Heracross
93%
Bug-Flying 4 Mothim
93%
2 Pineco
93%
Bug-Various 4 Wormadam
93%
Bug-Electric 7 Charjabug
92%
Bug-Steel 2 Forretress
92%
Bug-Electric 5 Joltik
92%
Bug-Electric 7 Vikavolt
92%
Bug-Electric 5 Galvantula
91%
Bug-Grass 5 Leavanny
91%
Bug-Fire 5 Volcarona
91%
Bug-Rock 5 Crustle
90%
Bug-Fire 5 Larvesta
90%
Bug-Grass 5 Sewaddle
90%
Water-Bug 7 Dewpider
89%
6 Scatterbug
89%
6 Spewpa
89%
Bug-Flying 2 Yanma
89%
Bug-Flying 6 Vivillon
88%
Water-Bug 7 Araquanid
87%
Rock-Bug 3 Armaldo
87%
Bug-Flying 4 Combee
87%
Bug-Rock 5 Dwebble
87%
4 Kricketot
87%
Bug-Poison 5 Scolipede
87%
Bug-Fairy 7 Cutiefly
86%
Bug-Steel 5 Genesect
86%
4 Kricketune
86%
Bug-Rock 2 Shuckle
86%
Bug-Grass 5 Swadloon
86%
Bug.Poison 5 Venipede
86%
Bug-Flying 4 Vespiquen
86%
Bug-Flying 4 Yanmega
86%
Bug-Fairy 7 Ribombee
85%
Ice-Bug 8 Frosmoth
84%
Ice-Bug 8 Snom
84%
Bug-Poison 5 Whirlipede
84%
Poison-Bug 4 Skorupi
82%
Rock-Bug 3 Anorith
81%
Bug-Fighting 7 Buzzwole
81%
7 Grubbin
81%
Fire-Bug 8 Centiskorch
79%
Bug-Water 7 Golisopod
79%
Bug-Steel 5 Durant
78%
Bug-Fighting 7 Pheromosa
78%
Bug-Steel 5 Escavalier
76%
Fire-Bug 8 Sizzlipede
76%
Bug-Water 7 Wimpod
76%
Bug-Psychic 8 Orbeetle
75%
3 Illumise
71%
3 Volbeat
70%
5 Accelgor
69%
8 Blipbug
69%
Bug-Psychic 8 Dottler
68%
5 Karrablast
68%
Bug-Rock 8 Kleavor
67%
Bug-Dark 9 Lokix
67%
9 Spidops
67%
5 Shelmet
64%
Bug-Psychic 9 Rabsca
60%
9 Tarountula
60%
9 Nymble
58%
Bug-Fighting 9 Slither Wing
56%
9 Rellor
53%
No matching quizzes found
Score Distribution
Percent of People with Each Score
Percentile by Number Answered
Your Score History
You have not taken this quiz since the last reset